[Event "Werther Schloss op-B 12th"]
[Site "Werther"]
[Date "2006.04.07"]
[Round "1"]
[White "Geisler, Reinhard"]
[Black "Peter, Guenter"]
[Result "1-0"]
[WhiteElo "2050"]
[BlackElo "1854"]
[PlyCount "52"]
[EventDate "2006.04.07"]
[EventType "swiss"]
[EventRounds "5"]
[EventCountry "GER"]
[SourceTitle "EXT 2008"]
[Source "ChessBase"]
[SourceDate "2007.11.25"]
[SourceVersion "1"]
[SourceVersionDate "2007.11.25"]
[SourceQuality "1"]

1. d4 e6 2. Nf3 d5 3. c4 Nf6 4. Nc3 Be7 5. Bf4 c6 6. e3 Nbd7 7. Qc2 Nh5 8. Bg3 Nxg3 9. hxg3 h6 10. Bd3 dxc4 11. Bxc4 b5 12. Bd3 Bb7 13. Rd1 Qa5 14. 0-0 Rc8 15. a3 a6 16. Qd2 Qc7 17. Rc1 Qb8 18. Bb1 Nb6 19. Ne4 Nc4 20. Qc2 c5 21. Nxc5 Bxc5 22. dxc5 Rxc5 23. b3 Rf5 24. bxc4 Bxf3 25. cxb5 Qxb5 26. Qc8+ Ke7 1-0

[Event "Goch op 15th"]
[Site "Goch"]
[Date "2004.10.01"]
[Round "3"]
[White "Gohla, Ulf"]
[Black "Peter, Guenter"]
[Result "1-0"]
[WhiteElo "2091"]
[BlackElo "1843"]
[PlyCount "57"]
[EventDate "2004.09.30"]
[EventType "swiss"]
[EventRounds "7"]
[EventCountry "GER"]
[SourceTitle "EXT 2006"]
[Source "ChessBase"]
[SourceDate "2005.11.24"]
[SourceVersion "1"]
[SourceVersionDate "2005.11.24"]
[SourceQuality "1"]

1. d4 e6 2. c4 f5 3. Nc3 Nf6 4. Nf3 d5 5. Bg5 c6 6. e3 Bd6 7. Qc2 0-0 8. Bd3 h6 9. Bh4 g5 10. Bg3 Ne4 11. Bxd6 Nxd6 12. Ne5 Nd7 13. 0-0-0 Qf6 14. f4 Ne4 15. Bxe4 dxe4 16. Nxd7 Bxd7 17. Qf2 Rfd8 18. g4 Kf7 19. h4 Rh8 20. fxg5 hxg5 21. hxg5 Qxg5 22. gxf5 exf5 23. Nxe4 Qe7 24. Nc5 Be6 25. Nd3 Raf8 26. Ne5+ Kf6 27. Rdg1 Qb4 28. Rxh8 Rxh8 29. Qg3 1-0

[Event "Goch op 15th"]
[Site "Goch"]
[Date "2004.09.30"]
[Round "1"]
[White "Lamprecht, Mark"]
[Black "Peter, Guenter"]
[Result "1-0"]
[WhiteElo "2218"]
[BlackElo "1843"]
[PlyCount "65"]
[EventDate "2004.09.30"]
[EventType "swiss"]
[EventRounds "7"]
[EventCountry "GER"]
[SourceTitle "EXT 2006"]
[Source "ChessBase"]
[SourceDate "2005.11.24"]
[SourceVersion "1"]
[SourceVersionDate "2005.11.24"]
[SourceQuality "1"]

1. c4 e6 2. g3 f5 3. Nc3 Nf6 4. Bg2 c6 5. e3 d5 6. Nge2 Bd6 7. 0-0 0-0 8. Rb1 Qe7 9. a3 Bd7 10. cxd5 exd5 11. b4 a6 12. Qb3 Kh8 13. Bb2 Be8 14. Na4 Nbd7 15. Nd4 Bg6 16. d3 Rac8 17. Rbc1 c5 18. bxc5 Nxc5 19. Nxc5 Bxc5 20. a4 Rfd8 21. h3 Qd7 22. Nf3 Be7 23. Ne5 Qe8 24. Rxc8 Rxc8 25. Bxd5 Nxd5 26. Qxd5 Bh5 27. g4 fxg4 28. hxg4 Rc5 29. Qe6 Bg6 30. Kg2 Rc2 31. Qb3 Qc8 32. Nxg6+ hxg6 33. Rh1+ 1-0